000 00443nam a2200181Ia 4500
001 2817
005 20260306144835.0
008 260306t2005||||xx |||||||||||||| ||spa||
041 _aESP
082 _a230.2
_bD98
100 _aDurand Flórez Ricardo, Monseñor
_eAUT
245 0 _aPara que tengan vida más abundante
260 _c2005
300 _a157 páginas :
_c22 cm.
650 _aGEN
654 _aCHU
942 _cLIB
_dJUS
_fJUS
_2ddc
_n
999 _c2817
_d2817